[Event "AUTO-OPEN-147"]
[Site "http://www.queenalice.com/game.php?id=41699"]
[Date "2005.12.5"]
[Round "2"]
[White "Bole"]
[Black "donkiko"]
[Result "1/2-1/2"]
[WhiteElo "1750"]
[BlackElo "1783"]

1. e4 c5 2. Nf3 Nc6 3. Bb5 Nd4 4. Nxd4 cxd4 5. c3 a6 6. Ba4 b5 7. Bb3 Qb6 8. Qf3
e6 9. O-O Bb7 10. d3 Nf6 11. cxd4 Qxd4 12. Nc3 Bb4 13. Ne2 Qe5 14. Bf4 Qh5 15.
Qxh5 Nxh5 16. Be3 O-O 17. Rac1 Rac8 18. a3 Ba5 19. Ba2 b4 20. axb4 Bxb4 21. Rc4
a5 22. Rfc1 Ba6 23. Rc7 Rxc7 24. Rxc7 Bxd3 25. Nd4 Bxe4 26. Rxd7 Nf6 27. Rc7 Rd8
28. Rc1 h6 29. Ne2 Ng4 30. Bb6 Rd2 31. Ng3 Bg6 32. f3 Ne5 33. h4 Nd3 34. Rc8+
Kh7 35. h5 Rxb2 36. hxg6+ Kxg6 37. Bc4 Ne1 38. Bf1 a4 39. Rc1 a3 40. Bd4 Rc2 41.
Rb1 Ba5 42. Rxe1 Bxe1 43. Bd3+ f5 44. Bxc2 Bxg3 45. Bb3 Kf7 46. Bc5 g5 47. Bxa3
f4 48. Bc5 Be1 49. Kh2 h5 50. Kg1 Bc3 51. Kf2 Kf6 52. Bc2 g4 1/2-1/2

[Event "AUTO-ADV-84"]
[Site "http://www.queenalice.com/game.php?id=46438"]
[Date "2006.1.4"]
[Round "2"]
[White "danieltan"]
[Black "Bole"]
[Result "1-0"]
[WhiteElo "1680"]
[BlackElo "1750"]

1. e4 g6 2. d4 Bg7 3. Nf3 d6 4. Nc3 Nf6 5. Bd3 O-O 6. h3 e5 7. Bg5 Nbd7 8. dxe5
dxe5 9. O-O h6 10. Bh4 g5 11. Bg3 Re8 12. Nh2 h5 13. h4 g4 14. f3 gxf3 15. Rxf3
Nc5 16. Nd5 Nfxe4 17. Bxe4 Nxe4 18. Qd3 Nxg3 19. Rxg3 Be6 20. Qd2 Bxd5 21. Qh6
Kf8 22. Qxg7+ Ke7 23. Qxe5+ Kf8 24. Qxh5 Qd6 25. Rd3 Qb6+ 26. Kh1 Bc4 27. Qh8+
Ke7 28. Re1+ Be6 29. Qh6 Qxb2 30. Rxe6+ fxe6 31. Qh7+ Kf6 32. Ng4# 1-0

[Event "AUTO-ADV-84"]
[Site "http://www.queenalice.com/game.php?id=46439"]
[Date "2006.1.4"]
[Round "2"]
[White "Bole"]
[Black "danieltan"]
[Result "1-0"]
[WhiteElo "1761"]
[BlackElo "1683"]

1. e4 e5 2. Nf3 Nc6 3. d4 exd4 4. Bc4 Bc5 5. c3 dxc3 6. Bxf7+ Kxf7 7. Qd5+ Ke8
8. Qh5+ g6 9. Qxc5 Qf6 10. Nxc3 d6 11. Qc4 Be6 12. Nd5 Bxd5 13. exd5 Qe7+ 14.
Be3 Nd8 15. O-O b6 16. Rfe1 Kd7 17. Bd4 Qf8 18. Bxh8 Nh6 19. Bc3 a6 20. Rac1 Nb7
21. Qc6+ Kc8 22. Bf6 1-0

[Event "AUTO-ADV-84"]
[Site "http://www.queenalice.com/game.php?id=46442"]
[Date "2006.1.4"]
[Round "2"]
[White "Bole"]
[Black "Montalbano"]
[Result "0-1"]
[WhiteElo "1731"]
[BlackElo "2324"]

1. e4 c5 2. d4 cxd4 3. c3 dxc3 4. Nxc3 Nc6 5. Nf3 e6 6. Bc4 Qc7 7. Qe2 Nf6 8. e5
Ng4 9. Bf4 f6 10. Nb5 Qa5+ 11. Bd2 Qd8 12. Nd6+ Bxd6 13. exd6 Qb6 14. Bc3 Nge5
15. Bb3 O-O 16. O-O-O Nxf3 17. Qxf3 Qc5 18. h4 b5 19. Kb1 Bb7 20. Qg3 b4 21. Bd2
Nd4 22. Be3 Be4+ 23. Ka1 Nxb3+ 0-1

[Event "AUTO-ADV-84"]
[Site "http://www.queenalice.com/game.php?id=46443"]
[Date "2006.1.4"]
[Round "2"]
[White "Montalbano"]
[Black "Bole"]
[Result "1-0"]
[WhiteElo "2221"]
[BlackElo "1752"]

1. e4 g6 2. d4 Bg7 3. Nc3 d6 4. Be3 Nf6 5. Qd2 O-O 6. O-O-O Nbd7 7. f3 e5 8. d5
c6 9. dxc6 bxc6 10. Qxd6 Bb7 11. g4 Re8 12. g5 Bf8 13. Qd2 1-0

[Event "AUTO-INT-19"]
[Site "http://www.queenalice.com/game.php?id=48616"]
[Date "2006.1.19"]
[Round "2"]
[White "tewald"]
[Black "Bole"]
[Result "1-0"]
[WhiteElo "1877"]
[BlackElo "1761"]

1. e4 c6 2. d3 d5 3. Nd2 e5 4. Ngf3 Bd6 5. g3 Nf6 6. Bg2 Bg4 7. c3 O-O 8. O-O
Nbd7 9. Qc2 c5 10. h4 d4 11. c4 Qe7 12. Nh2 Bh5 13. f3 h6 14. g4 Bg6 15. Rf2 Ne8
16. b3 Bh7 17. h5 g6 18. hxg6 fxg6 19. Ndf1 g5 20. Ng3 Nef6 21. Bd2 Rf7 22. Nf5
Bxf5 23. exf5 h5 24. Bxg5 Rg7 25. Bh4 hxg4 26. fxg4 Qf7 27. g5 Qf8 28. gxf6 1-0

[Event "AUTO-INT-19"]
[Site "http://www.queenalice.com/game.php?id=48617"]
[Date "2006.1.19"]
[Round "2"]
[White "Bole"]
[Black "tewald"]
[Result "0-1"]
[WhiteElo "1774"]
[BlackElo "1853"]

1. e4 e5 2. Nf3 Nc6 3. d4 exd4 4. Bc4 h6 5. O-O d6 6. c3 dxc3 7. Nxc3 Be6 8. Nd5
Nf6 9. Re1 Qd7 10. b3 O-O-O 11. Bb2 Be7 12. a4 Bg4 13. a5 Ne5 14. Be2 c6 15. Nb4
Qe6 16. a6 b6 17. Nxe5 dxe5 18. Qc2 Bxb4 19. Bxg4 Nxg4 20. Rec1 Rd6 21. Ra4 Bc5
22. Rc4 Bxf2+ 23. Kh1 Bc5 24. b4 Ne3 25. Qc3 Nxc4 0-1

[Event "AUTO-INT-19"]
[Site "http://www.queenalice.com/game.php?id=48620"]
[Date "2006.1.19"]
[Round "2"]
[White "alanski27"]
[Black "Bole"]
[Result "0-1"]
[WhiteElo "1379"]
[BlackElo "1731"]

1. e4 g6 2. d4 Bg7 3. e5 d6 4. f4 dxe5 5. fxe5 e6 6. Nf3 Ne7 7. Bd3 O-O 8. Bg5
h6 9. Bh4 Nbc6 10. c3 g5 11. Bf2 f5 12. g3 Ng6 13. h4 g4 14. Nh2 Qd5 15. O-O b5
16. a3 Bb7 0-1

[Event "AUTO-INT-19"]
[Site "http://www.queenalice.com/game.php?id=48621"]
[Date "2006.1.19"]
[Round "2"]
[White "Bole"]
[Black "alanski27"]
[Result "1-0"]
[WhiteElo "1729"]
[BlackElo "1381"]

1. e4 e5 2. Nf3 d6 3. d4 Nd7 4. dxe5 Nxe5 5. Nxe5 dxe5 6. Qxd8+ Kxd8 7. Bc4 Bb4+
8. c3 Bc5 9. a4 Nf6 10. b4 Bd6 11. Nd2 Bd7 12. Bxf7 Ke7 13. Bb3 Bc6 14. f3 a6
15. Nc4 Rhd8 16. O-O 1-0

[Event "AUTO-INT-19"]
[Site "http://www.queenalice.com/game.php?id=48622"]
[Date "2006.1.19"]
[Round "2"]
[White "Pestilence"]
[Black "Bole"]
[Result "1-0"]
[WhiteElo "1629"]
[BlackElo "1733"]

1. e4 e5 2. f4 exf4 3. Nf3 d6 4. Bc4 g5 5. h3 h6 6. d4 Bg7 7. b3 Nf6 8. Nc3 O-O
9. Bb2 Nc6 10. e5 dxe5 11. Nxe5 Nxe5 12. dxe5 Qe7 13. Qe2 Nd7 14. e6 fxe6 15.
Bxe6+ Kh8 16. Nd5 Qd6 17. Bxg7+ Kxg7 18. O-O-O Qa3+ 19. Kb1 Re8 20. Nxc7 1-0

[Event "AUTO-INT-19"]
[Site "http://www.queenalice.com/game.php?id=48623"]
[Date "2006.1.19"]
[Round "2"]
[White "Bole"]
[Black "Pestilence"]
[Result "0-1"]
[WhiteElo "1707"]
[BlackElo "1682"]

1. e4 e5 2. Nf3 Nc6 3. d4 exd4 4. Bc4 Nf6 5. O-O Nxe4 6. Re1 d5 7. Bxd5 Qxd5 8.
Nc3 Qa5 9. Nxe4 Be6 10. Neg5 Bd6 11. Nxe6 fxe6 12. Rxe6+ Kd7 13. Re1 Rae8 14.
Bd2 Qh5 15. h3 Rxe1+ 16. Bxe1 Kc8 17. Nxd4 Qe5 18. Nf3 Qf4 19. Bd2 Qf5 20. a4
Re8 21. c3 h6 0-1